जैन तथा बौद्ध दर्शन में मानवतावाद: (Record no. 51256)

MARC details
000 -LEADER
fixed length control field 01266nam a22003017a 4500
005 - DATE AND TIME OF LATEST TRANSACTION
control field 20080929101452.0
008 - FIXED-LENGTH DATA ELEMENTS--GENERAL INFORMATION
fixed length control field 080929t xxu||||| |||| 00| 0chin d
010 ## - LCCN (DPL NO)
LC control number HIN-92169
020 ## - INTERNATIONAL STANDARD BOOK NUMBER
International Standard Book Number 9789380190761
Terms of availability 500.00
035 ## - SYSTEM CONTROL NUMBER
System control number HN-64515
037 ## - SOURCE OF ACQUISITION
Source of stock number/acquisition DBAD / PUB
040 ## - CATALOGING SOURCE
Original cataloging agency DPL
Language of cataloging HN
082 ## - DEWEY DECIMAL CLASSIFICATION NUMBER
Classification number 240
100 ## - MAIN ENTRY--PERSONAL NAME
9 (RLIN) 26640
Personal name झा, शशि भूषण
245 ## - TITLE STATEMENT
Title जैन तथा बौद्ध दर्शन में मानवतावाद:
Statement of responsibility, etc शशि भूषण झा
Remainder of title एक तुलनात्मक अध्ययन /
246 ## - VARYING FORM OF TITLE
Title proper/short title Jain Tatha Bodha Darshan me Manavatavaad
Remainder of title by Sashi Bhushan Jha
260 ## - PUBLICATION, DISTRIBUTION, ETC. (IMPRINT)
Place of publication, distribution, etc नई दिल्ली
Name of publisher, distributor, etc सत्यम पब्लिशिंग हाऊस
Date of publication, distribution, etc 2011
270 ## - ADDRESS
Address N-3/25ए, मोहन गार्डन,
City नई दिल्ली
Postal code 110059
Telephone number 09968277749
Electronic mail address satyampub-2006@yahoo.com
300 ## - PHYSICAL DESCRIPTION
Extent 138पृ.
Dimensions 22सेमी (सजिल्द)
650 ## - SUBJECT ADDED ENTRY--TOPICAL TERM
9 (RLIN) 697
650 ## - SUBJECT ADDED ENTRY--TOPICAL TERM
9 (RLIN) 26793
650 ## - SUBJECT ADDED ENTRY--TOPICAL TERM
9 (RLIN) 26674
650 ## - SUBJECT ADDED ENTRY--TOPICAL TERM
9 (RLIN) 698
700 ## - ADDED ENTRY--PERSONAL NAME
9 (RLIN) 26643
710 ## - ADDED ENTRY--CORPORATE NAME
9 (RLIN) 26662
942 ## - ADDED ENTRY ELEMENTS (KOHA)
Source of classification or shelving scheme Dewey Decimal Classification
Item type Hindi Books
Classification part 240
Call number suffix झाशशि
Holdings
Withdrawn status Lost status Source of classification or shelving scheme Damaged status Not for loan Collection code Home library Current library Date acquired Source of acquisition Cost, normal purchase price Total Checkouts Full call number Barcode Date last seen Copy number Cost, replacement price Koha item type
    Dewey Decimal Classification   Not For Loan Non-fiction D.B.Act.Division D.B.Act.Division 28/03/2011 DBAD / PUB 500.00   240 झाशशि HN-64515 28/03/2011 1 500.00 Hindi Books

© Delhi Public Library
Hit Counter
free hit counter